000 00330cam a22001097a 4500
008 180718b1960 xxu||||| |||| 00| 0 eng d
082 _aJ7803x5453 K45
245 _aTrivandrum city improvement trust, bill 1960
260 _aTrivandrum
_b
_c1960
300 _avii,62p.
650 _aMunicipal Improvement - India - Kerala - Legislation
999 _c416532
_d416532